<?xml version="1.0" encoding="UTF-8"?>
<collection xmlns="http://www.loc.gov/MARC21/slim">
 <record>
  <leader>02056nab a2200253 i 4500</leader>
  <controlfield tag="001">acta7342</controlfield>
  <controlfield tag="005">20231201075750.0</controlfield>
  <controlfield tag="008">161015s2007    hu      o     0||   hun d</controlfield>
  <datafield tag="022" ind1=" " ind2=" ">
   <subfield code="a">0324-6523</subfield>
  </datafield>
  <datafield tag="040" ind1=" " ind2=" ">
   <subfield code="a">SZTE Egyetemi Kiadványok Repozitórium</subfield>
   <subfield code="b">hun</subfield>
  </datafield>
  <datafield tag="041" ind1=" " ind2=" ">
   <subfield code="a">hun</subfield>
  </datafield>
  <datafield tag="041" ind1=" " ind2=" ">
   <subfield code="a">eng</subfield>
  </datafield>
  <datafield tag="100" ind1="1" ind2=" ">
   <subfield code="a">Mészáros Rezső</subfield>
  </datafield>
  <datafield tag="245" ind1="1" ind2="2">
   <subfield code="a">A társadalomföldrajz és a kibertér</subfield>
   <subfield code="h">[elektronikus dokumentum] /</subfield>
   <subfield code="c"> Mészáros Rezső</subfield>
  </datafield>
  <datafield tag="260" ind1=" " ind2=" ">
   <subfield code="a">Szegedi Tudományegyetem Állam- és Jogtudományi Karának tudományos bizottsága</subfield>
   <subfield code="b">Szeged</subfield>
   <subfield code="c">2007</subfield>
  </datafield>
  <datafield tag="300" ind1=" " ind2=" ">
   <subfield code="a">473-486</subfield>
  </datafield>
  <datafield tag="490" ind1="0" ind2=" ">
   <subfield code="a">Acta Universitatis Szegediensis : acta juridica et politica</subfield>
   <subfield code="v">69 No. 1-48</subfield>
  </datafield>
  <datafield tag="520" ind1="3" ind2=" ">
   <subfield code="a">Presently we are witnessing the emergence of a new kind of space, the. The cyberspace is beyond the monitors of personal computers occupying the endless network of interconnected pc-s. As the nominator W. Gibson put it, the cyberspace is a special data matrix or „data landscape&quot; where the individuals and companies succesfully establish an interactive connection with the available information, and even bay and sell the gained information. The expression is used by a large variety of groups with meaning suited to their needs. All this implies a rapid development of the different types of computer communication methods and virtual realities. The cyberspace is most influential on the existing social standards and relations. The cyberspace is capable to affect and shape&quot; the self&quot;, the communities, the economies, the cultures and complex interrelationship between man and environment. The „presece&quot; of towns very important in the cyberspace as well. All these mentioned featured contain a wide-range of areas waiting for to be investigated of social geography.</subfield>
  </datafield>
  <datafield tag="650" ind1=" " ind2="4">
   <subfield code="a">Természettudományok</subfield>
  </datafield>
  <datafield tag="650" ind1=" " ind2="4">
   <subfield code="a">Számítás- és információtudomány</subfield>
  </datafield>
  <datafield tag="650" ind1=" " ind2="4">
   <subfield code="a">Társadalomtudományok</subfield>
  </datafield>
  <datafield tag="650" ind1=" " ind2="4">
   <subfield code="a">Társadalom- és gazdaságföldrajz</subfield>
  </datafield>
  <datafield tag="695" ind1=" " ind2=" ">
   <subfield code="a">Társadalomföldrajz, Információs társadalom</subfield>
  </datafield>
  <datafield tag="856" ind1="4" ind2="0">
   <subfield code="u">http://acta.bibl.u-szeged.hu/7342/1/juridpol_069_473-486.pdf</subfield>
   <subfield code="z">Dokumentum-elérés </subfield>
  </datafield>
 </record>
</collection>
